000 00468nam a2200181Ia 4500
001 7898
005 20260306160529.0
008 260306t2012||||xx |||||||||||||| ||spa||
041 _aESP
082 _a363.7
_bC265
100 _aHuamaní Ober, Giselle
_eAUT
245 0 _aHacia una mejor gestión de los conflictos socioambientales en el Perú
260 _c2012
300 _a99 páginas :
_c25 cm.
650 _aGEN
654 _aCAN
942 _cLIB
_dJUS
_fJUS
_2ddc
_n
999 _c7898
_d7898